Izbrannyje zadači i voprosy po soprotivleniju materialov /

Saved in:
Bibliographic Details
Main Author: Fedosjev, V.I (Author)
Format: Book
Language:Russian
Published: Moskva : GITTL, 1953
Edition:2.pererab.i dopol.izd.
Subjects:
Tags: Add Tag
No Tags, Be the first to tag this record!

MARC

LEADER 00000nam a22000003a 4500
001 stu36022
005 20150617225730.9
008 920520s1953----xxr-----------------rus-d
040 |a STU  |b slo 
041 0 |a rus 
044 |a xxr 
080 |a 539.4 
100 1 |a Fedosjev, V.I  |4 aut 
245 1 |a Izbrannyje zadači i voprosy po soprotivleniju materialov /  |c [aut.]V.I. Fedosjev 
250 |a 2.pererab.i dopol.izd. 
260 |a Moskva :  |b GITTL,  |c 1953 
300 |a 238 s 
650 7 |a pevnosť  |2 stusub 
996 |b 284M062117  |c M*1244-1  |l MMKN  |s A  |a 24  |w stu36022_0001